000 00532nam a2200193Ia 4500
005 20250508165605.0
008 008 250505s9999 xx 000 0 eng d
037 _aTextual
040 _aFEDL
_beng
_cFEDL
041 _aeng
_2eng
084 _a001.53, MAK
_qFEDL
100 _aMAKAROV I.M
_9297010
245 0 _aCYBERNETICS TODAY ;Achievements,Challenges,Prospects
260 _aMoscow
_bMir Prakashan
_c1984
300 _a367
365 _aINR
_b13
942 _cTEXL
_h001.53, MAK
999 _c1396053
_d1396053